书目信息 |
| 题名: |
辞海
|
|
| 作者: | ;上海辞书出版社 编辑 | |
| 分册: | 生物分册 | |
| 出版信息: | 上海 编者 1978 |
|
| 页数: | 1册 | |
| 开本: | 20cm | |
| 丛书名: | ||
| 单 册: | ||
| 中图分类: | Z32 , Z3 | |
| 科图分类: | ||
| 主题词: | 百科词典 , 生物学--中国--词典 , 词典 | |
| 电子资源: | ||
| ISBN: | ||
| 000 | 00658nam0 2200265 45 | |
| 001 | 1555655444 | |
| 005 | 20150119152811.96 | |
| 010 | @dCNY2.30 | |
| 091 | @aCN@b17187.2 | |
| 100 | @a19950727d1978 emky0chiy0121 ea | |
| 101 | 0 | @achi |
| 102 | @aCN@b310000 | |
| 105 | @ay e 001yy | |
| 200 | 10 | @a辞海@Aci hai@e修订稿@i生物分册@f上海辞书出版社编辑 |
| 205 | @a新1版 | |
| 210 | @a上海@c编者@d1978 | |
| 215 | @a1册@d20cm | |
| 606 | @a百科词典 | |
| 606 | @a生物学@y中国@x词典 | |
| 606 | 0 | @a词典 |
| 690 | @aZ32@v3 | |
| 690 | @aZ3@v4 | |
| 711 | 02 | @a上海辞书出版社@Ashang hai ci shu chu ban she@4编辑 |
| 801 | 0 | @aCN@bTSSF |
| 905 | @aZUCC@dZ3@eJY19 | |
| 辞海:修订稿.生物分册/上海辞书出版社编辑.-新1版.-上海:编者,1978 |
| 1册;20cm |
| ISBN :CNY2.30 |
| ● |
| 相关链接 |
|
|
|
|
正题名:辞海
索取号:Z3/JY19
 
预约/预借
| 序号 | 登录号 | 条形码 | 馆藏地/架位号 | 状态 | 备注 |
| 1 | 7835024 | 278350240 | 学院路分馆/ [索取号:Z3/JY19] | 在馆 | |
| 2 | 7835025 | 278350259 | 学院路分馆/ [索取号:Z3/JY19] | 在馆 | |
| 3 | 7835026 | 278350268 | 学院路分馆/ [索取号:Z3/JY19] | 在馆 | |
| 4 | 7835027 | 278350277 | 学院路分馆/ [索取号:Z3/JY19] | 在馆 |